[Event "AUT-ch"]
[Site "Vienna"]
[Date "2018.07.23"]
[Round "3"]
[White "Newrkla, Katharina"]
[Black "Fauland, Alexander"]
[Result "0-1"]
[WhiteElo "2175"]
[BlackElo "2419"]
[PlyCount "80"]
[EventDate "2018.07.22"]
[EventType "swiss"]
[EventRounds "9"]
[EventCountry "AUT"]
[SourceTitle "CBM 185 Extra"]
[Source "ChessBase"]
[SourceDate "2018.07.29"]
[SourceVersion "1"]
[SourceVersionDate "2018.07.29"]
[SourceQuality "1"]

1. e4 d6 2. d4 Nf6 3. Nc3 Nbd7 4. g4 Nb6 5. g5 Nfd7 6. Be3 e5 7. d5 g6 8. Qd2 f5 9. gxf6 Nxf6 10. f3 c5 11. a4 a6 12. a5 Nbd7 13. Nh3 h6 14. Nf2 Nh5 15. Ng4 Qh4+ 16. Bf2 Qe7 17. Ne3 Nf4 18. Nc4 h5 19. Be3 Bh6 20. 0-0-0 0-0 21. Kb1 Kh7 22. h4 Rb8 23. Na4 Rf7 24. Be2 Nf6 25. Rdg1 Bd7 26. Nc3 Ne8 27. Rg3 Nc7 28. Nb6 Be8 29. Bf1 Na8 30. Qe1 Nxb6 31. axb6 Qd8 32. Bh3 Qxb6 33. Be6 Rf6 34. Qd2 Qa5 35. Rhg1 b5 36. Qe1 c4 37. Qf2 b4 38. Na2 Qc7 39. Nc1 Rb7 40. Bh3 a5 0-1

[Event "AUT-ch"]
[Site "Vienna"]
[Date "2018.07.22"]
[Round "1"]
[White "Fauland, Alexander"]
[Black "Mira, Helene"]
[Result "1/2-1/2"]
[WhiteElo "2419"]
[BlackElo "2097"]
[PlyCount "119"]
[EventDate "2018.07.22"]
[EventType "swiss"]
[EventRounds "9"]
[EventCountry "AUT"]
[SourceTitle "CBM 185 Extra"]
[Source "ChessBase"]
[SourceDate "2018.07.29"]
[SourceVersion "1"]
[SourceVersionDate "2018.07.29"]
[SourceQuality "1"]

1. Nf3 d5 2. g3 Bg4 3. Bg2 c6 4. d3 Nd7 5. Nbd2 e6 6. 0-0 Bc5 7. c3 Ngf6 8. b4 Be7 9. a3 a5 10. Bb2 0-0 11. h3 Bxf3 12. Bxf3 axb4 13. axb4 d4 14. cxd4 Bxb4 15. Nc4 Rxa1 16. Qxa1 b5 17. Ne3 Nd5 18. Nc2 Be7 19. e4 N5b6 20. d5 cxd5 21. Bxg7 Bf6 22. Bxf6 Qxf6 23. Qxf6 Nxf6 24. Rb1 dxe4 25. dxe4 Nc4 26. Bg2 Rb8 27. Rb4 e5 28. Bf1 Nd6 29. f3 Nfe8 30. Rb1 Nc7 31. Rd1 Nc4 32. Nb4 Ne6 33. Nc6 Rb6 34. Bxc4 Rxc6 35. Bxb5 Rc2 36. Bd3 Rb2 37. Bf1 Nd4 38. Bg2 Kg7 39. h4 h5 40. Rf1 f5 41. exf5 Nxf5 42. Rf2 Rb3 43. Kh2 Ne3 44. Bh3 Nd5 45. Be6 Rd3 46. Bf5 Rc3 47. Ra2 Rxf3 48. Ra7+ Kf6 49. Be4 Rf2+ 50. Kg1 Rd2 51. Ra6+ Ke7 52. Rh6 Nf6 53. Bf3 e4 54. Bxh5 Nxh5 55. Rxh5 Kf6 56. Kf1 e3 57. Ra5 Rf2+ 58. Ke1 Rg2 59. Rg5 Rh2 60. Rh5 1/2-1/2

[Event "Vienna op-A"]
[Site "Vienna"]
[Date "2016.08.21"]
[Round "7"]
[White "Fauland, Alexander"]
[Black "Ivanov, Mike"]
[Result "1/2-1/2"]
[WhiteElo "2431"]
[BlackElo "2269"]
[PlyCount "119"]
[EventDate "2016.08.16"]
[EventType "swiss"]
[EventRounds "9"]
[EventCountry "AUT"]
[SourceTitle "CBM 173 Extra"]
[Source "ChessBase"]
[SourceDate "2016.08.29"]
[SourceVersion "1"]
[SourceVersionDate "2016.08.29"]
[SourceQuality "1"]

1. Nf3 Nc6 2. d4 d5 3. Bf4 Bg4 4. Nbd2 e6 5. e3 Bd6 6. Bg3 Nge7 7. c4 Nf5 8. Qb3 Nxg3 9. hxg3 Bb4 10. cxd5 Qxd5 11. Qxd5 exd5 12. Bb5 Bd7 13. Rc1 f6 14. a3 Bd6 15. Nb3 a6 16. Bd3 Ne7 17. Kd2 b6 18. Ke2 h6 19. Nbd2 0-0 20. e4 c6 21. Nb1 Be6 22. Nc3 dxe4 23. Nxe4 Bc7 24. Bc4 Bxc4+ 25. Rxc4 Rfd8 26. Ned2 b5 27. Rc2 Bb6 28. Nb3 Rd5 29. Rhc1 a5 30. g4 Re8 31. Kf1 h5 32. gxh5 Rxh5 33. g4 Rd5 34. Re1 Kf7 35. Rce2 a4 36. Nc5 Bxc5 37. dxc5 Rxc5 38. g5 Rd5 39. Re4 Rd7 40. gxf6 gxf6 41. Rc1 Rd6 42. Rce1 c5 43. Nh4 Rd4 44. Rxd4 cxd4 45. Nf3 Rd8 46. Ke2 d3+ 47. Kd2 Nc6 48. Kc3 Rc8 49. Kxd3 Rd8+ 50. Ke4 Na5 51. Rc1 Re8+ 52. Kd3 Nc4 53. Rc2 Ne5+ 54. Nxe5+ Rxe5 55. f4 Rh5 56. Ke4 Rh3 57. Rc3 Rxc3 58. bxc3 Ke6 59. Kd4 Kd6 60. f5 1/2-1/2

[Event "AUT-chT 1415"]
[Site "Austria"]
[Date "2015.02.28"]
[Round "7.5"]
[White "Fauland, Alexander"]
[Black "Mesaros, Florian"]
[Result "1/2-1/2"]
[WhiteElo "2422"]
[BlackElo "2266"]
[PlyCount "109"]
[EventDate "2014.11.20"]
[EventType "team-tourn"]
[EventRounds "11"]
[EventCountry "AUT"]
[SourceTitle "EXT 2016"]
[Source "ChessBase"]
[SourceDate "2015.10.08"]
[SourceVersion "1"]
[SourceVersionDate "2015.10.08"]
[SourceQuality "1"]
[WhiteTeam "Raika Feffernitz"]
[BlackTeam "Wulkaprodersdorf"]
[WhiteTeamCountry "AUT"]
[BlackTeamCountry "AUT"]

1. b3 d5 2. Bb2 Bg4 3. f3 Bf5 4. e3 e6 5. Ne2 Nf6 6. Nbc3 Bd6 7. g4 Nxg4 8. Ng3 Nxh2 9. Nxf5 exf5 10. Qe2 Nxf1 11. Qxf1 c6 12. Ne2 f6 13. 0-0-0 Nd7 14. Nd4 g6 15. c4 Qa5 16. Kb1 0-0-0 17. Bc3 Qa6 18. cxd5 Qxf1 19. Rdxf1 cxd5 20. Nb5 Bc5 21. Rc1 Kb8 22. Bxf6 Nxf6 23. Rxc5 a6 24. Nd4 Rc8 25. Rc2 Rxc2 26. Kxc2 Kc7 27. Kd3 Kd6 28. Rc1 h5 29. Rg1 Rh6 30. Ke2 h4 31. Kf2 Nh5 32. Kg2 Ng3 33. f4 Ne4 34. Nf3 h3+ 35. Kh2 a5 36. d3 Nf2 37. Ne5 Ke6 38. Rf1 Ng4+ 39. Nxg4 fxg4 40. e4 d4 41. Rg1 Rh4 42. Kg3 h2 43. Rh1 Rh3+ 44. Kxg4 Rxd3 45. Rxh2 Re3 46. Rh6 Kf6 47. e5+ Kg7 48. Rh1 b6 49. Rc1 Rc3 50. Rd1 d3 51. Kf3 a4 52. bxa4 d2+ 53. Ke2 Rc4 54. Ke3 Rc3+ 55. Ke2 1/2-1/2

[Event "AUT-chT 1415"]
[Site "Austria"]
[Date "2014.11.22"]
[Round "3.3"]
[White "Fauland, Alexander"]
[Black "Lehner, Oliver"]
[Result "1/2-1/2"]
[WhiteElo "2422"]
[BlackElo "2441"]
[PlyCount "80"]
[EventDate "2014.11.20"]
[EventType "team-tourn"]
[EventRounds "11"]
[EventCountry "AUT"]
[SourceTitle "CBM 163 Extra"]
[Source "ChessBase"]
[SourceDate "2014.12.23"]
[SourceVersion "1"]
[SourceVersionDate "2014.12.23"]
[SourceQuality "1"]
[WhiteTeam "Raika Feffernitz"]
[BlackTeam "Jenbach"]
[WhiteTeamCountry "AUT"]
[BlackTeamCountry "AUT"]

1. b3 e5 2. Bb2 Nc6 3. e3 Nf6 4. Bb5 Bd6 5. Na3 a6 6. Bxc6 dxc6 7. Nc4 Qe7 8. Ne2 0-0 9. Ng3 b5 10. Nxd6 cxd6 11. 0-0 Nd5 12. c4 bxc4 13. bxc4 Nb6 14. d3 f5 15. c5 dxc5 16. Qb3+ Be6 17. Nxf5 Rxf5 18. Qxb6 Qd6 19. Bc3 Rg5 20. f3 Bh3 21. Rf2 Qg6 22. Qb3+ c4 23. Qb2 cxd3 24. e4 Rd8 25. Rd1 Qe8 26. Rfd2 Rb8 27. Qc1 Qg6 28. g4 h5 29. Rxd3 hxg4 30. f4 Qxe4 31. Qc2 Qxf4 32. Bd2 Qf6 33. Bxg5 Qxg5 34. Qxc6 Rf8 35. Qd5+ Kh8 36. Qe4 Qf6 37. Qe2 Qb6+ 38. Qe3 Qf6 39. Qe2 Qb6+ 40. Qe3 Qf6 1/2-1/2

[Event "EU-chT Seniors"]
[Site "Sibenik"]
[Date "2014.04.07"]
[Round "7.8"]
[White "Roth, Peter"]
[Black "Fauland, Alexander"]
[Result "0-1"]
[WhiteElo "2176"]
[BlackElo "2417"]
[PlyCount "42"]
[EventDate "2014.04.01"]
[EventType "team-swiss"]
[EventRounds "9"]
[EventCountry "CRO"]
[SourceTitle "CBM 159 Extra"]
[Source "ChessBase"]
[SourceDate "2014.04.24"]
[SourceVersion "1"]
[SourceVersionDate "2014.04.24"]
[SourceQuality "1"]
[WhiteTeam "Austria Wien Seniors II"]
[BlackTeam "Austria Seniors"]
[WhiteTeamCountry "AUT"]
[BlackTeamCountry "AUT"]

1. b3 Nf6 2. Bb2 g6 3. f4 Bg7 4. Nf3 0-0 5. e3 c5 6. Be2 Nc6 7. c4 b6 8. 0-0 Bb7 9. Nc3 d5 10. Nxd5 Nxd5 11. Bxg7 Kxg7 12. cxd5 Qxd5 13. Bc4 Qf5 14. Qc1 Rad8 15. Qc3+ Qf6 16. Qxf6+ Kxf6 17. Rf2 Rd6 18. Ng5 Kg7 19. Ne4 Rdd8 20. f5 gxf5 21. Rxf5 Na5 0-1

[Event "EU-chT Seniors"]
[Site "Sibenik"]
[Date "2014.04.05"]
[Round "5.3"]
[White "Ftacnik, Lubomir"]
[Black "Fauland, Alexander"]
[Result "1-0"]
[WhiteElo "2563"]
[BlackElo "2417"]
[PlyCount "111"]
[EventDate "2014.04.01"]
[EventType "team-swiss"]
[EventRounds "9"]
[EventCountry "CRO"]
[SourceTitle "CBM 159 Extra"]
[Source "ChessBase"]
[SourceDate "2014.04.24"]
[SourceVersion "1"]
[SourceVersionDate "2014.04.24"]
[SourceQuality "1"]
[WhiteTeam "Slovakia Seniors"]
[BlackTeam "Austria Seniors"]
[WhiteTeamCountry "SVK"]
[BlackTeamCountry "AUT"]

1. Nf3 Nf6 2. c4 e6 3. Nc3 Bb4 4. Qc2 0-0 5. a3 Bxc3 6. Qxc3 b6 7. b4 d6 8. Bb2 Nbd7 9. e3 Bb7 10. Be2 Qe7 11. 0-0 e5 12. d4 Ne4 13. Qc2 Ng5 14. Nxg5 Qxg5 15. d5 Qg6 16. Bd3 f5 17. f4 e4 18. Be2 Nf6 19. Rad1 a5 20. Bd4 axb4 21. axb4 Qf7 22. h3 Qg6 23. Kh2 Bc8 24. Ra1 Bd7 25. Qc3 Qf7 26. Rg1 Qe7 27. g3 Rfb8 28. Rgc1 Qf8 29. Kg1 Qf7 30. Kf2 Kf8 31. Rxa8 Rxa8 32. Ra1 Rxa1 33. Qxa1 Ne8 34. Qa8 Qe7 35. Bd1 Qf7 36. Kg2 Qe7 37. Be2 Kf7 38. Qa7 Bc8 39. Bh5+ g6 40. Be2 h5 41. c5 bxc5 42. bxc5 dxc5 43. Bxc5 Nd6 44. Bb4 Qd7 45. Qc5 Qd8 46. Ba5 Ne8 47. Bb5 Bb7 48. Bxe8+ Qxe8 49. Qc4 Bc8 50. Qxc7+ Qd7 51. Qc4 Qb7 52. Bc3 Qa6 53. Qc7+ Ke8 54. Qe5+ Kd7 55. Kg1 Qc4 56. Qe6+ 1-0

[Event "AUT-chT 1314"]
[Site "Austria"]
[Date "2013.12.08"]
[Round "3.2"]
[White "Sebenik, Matej"]
[Black "Fauland, Alexander"]
[Result "1-0"]
[WhiteElo "2496"]
[BlackElo "2431"]
[PlyCount "93"]
[EventDate "2013.12.06"]
[EventType "team-tourn"]
[EventRounds "11"]
[EventCountry "AUT"]
[SourceTitle "CBM 157 Extra"]
[Source "ChessBase"]
[SourceDate "2013.12.19"]
[SourceVersion "1"]
[SourceVersionDate "2013.12.19"]
[SourceQuality "1"]
[WhiteTeam "Raika Feffernitz"]
[BlackTeam "Baden Invest"]
[WhiteTeamCountry "AUT"]
[BlackTeamCountry "AUT"]

1. Nf3 c5 2. c4 g6 3. Nc3 Bg7 4. g3 e5 5. Bg2 Nc6 6. 0-0 d6 7. a3 Be6 8. d3 h6 9. Rb1 Nge7 10. b4 cxb4 11. axb4 d5 12. b5 Nd4 13. Nxd4 exd4 14. Nxd5 Nxd5 15. cxd5 Bxd5 16. Bxd5 Qxd5 17. Ba3 Bf8 18. Qa4 Bxa3 19. Qxa3 f5 20. Rfc1 Rh7 21. b6 a6 22. Rc5 Qe6 23. Qa4+ Rd7 24. Rc7 Qd5 25. Rbc1 Rad8 26. R1c5 Qd6 27. Qb3 Kf8 28. h4 h5 29. Kg2 Re7 30. Rc8 Kg7 31. R5c7 Rxc8 32. Rxc8 Rf7 33. f3 Qe5 34. Qa2 f4 35. gxf4 Qxf4 36. Qe6 Qf6 37. Qe8 Kh6 38. Rc7 Kg7 39. Rd7 g5 40. Rxf7+ Qxf7 41. Qe5+ Qf6 42. Qc7+ Kh6 43. Qxb7 gxh4 44. Qc7 Qg5+ 45. Kh3 Qg1 46. Qd6+ Kh7 47. b7 1-0

[Event "Vienna-ch"]
[Site "Vienna"]
[Date "2013.09.10"]
[Round "4"]
[White "Fauland, Alexander"]
[Black "Froewis, Georg"]
[Result "1/2-1/2"]
[WhiteElo "2439"]
[BlackElo "2428"]
[PlyCount "71"]
[EventDate "2013.09.07"]
[EventType "tourn"]
[EventRounds "9"]
[EventCountry "AUT"]
[EventCategory "6"]
[SourceTitle "CBM 156 Extra"]
[Source "ChessBase"]
[SourceDate "2013.10.22"]
[SourceVersion "1"]
[SourceVersionDate "2013.10.22"]
[SourceQuality "1"]

1. Nf3 d5 2. c4 c6 3. e3 Nf6 4. Nc3 e6 5. b3 Bd6 6. Bb2 0-0 7. d4 Nbd7 8. Be2 Qe7 9. 0-0 Re8 10. h3 b6 11. Rc1 Bb7 12. Rc2 Rad8 13. Qa1 Bb8 14. a4 e5 15. cxd5 cxd5 16. Nb5 e4 17. Nd2 Rc8 18. Rfc1 Rxc2 19. Rxc2 Rc8 20. Rxc8+ Bxc8 21. Ba3 Qe6 22. Qc3 Nf8 23. Nc7 Qd7 24. Na6 Bxa6 25. Bxa6 Bd6 26. Bxd6 Qxd6 27. b4 g6 28. Bc8 Ne8 29. Nb1 Nc7 30. b5 Nfe6 31. Bxe6 Nxe6 32. Qc8+ Kg7 33. Nc3 Qc7 34. Qxc7 Nxc7 35. Kf1 f5 36. Na2 1/2-1/2

[Event "Vienna-ch"]
[Site "Vienna"]
[Date "2013.09.07"]
[Round "1"]
[White "Baumegger, Siegfried"]
[Black "Fauland, Alexander"]
[Result "1-0"]
[WhiteElo "2468"]
[BlackElo "2439"]
[PlyCount "63"]
[EventDate "2013.09.07"]
[EventType "tourn"]
[EventRounds "9"]
[EventCountry "AUT"]
[EventCategory "6"]
[SourceTitle "CBM 156 Extra"]
[Source "ChessBase"]
[SourceDate "2013.10.22"]
[SourceVersion "1"]
[SourceVersionDate "2013.10.22"]
[SourceQuality "1"]

1. d4 f5 2. g3 Nf6 3. Bg2 e6 4. c4 d5 5. Nh3 c6 6. 0-0 Be7 7. Nd2 0-0 8. Nf4 g5 9. Nd3 dxc4 10. Nxc4 Qxd4 11. Qc2 Nd5 12. b3 Qc3 13. Qb1 Qg7 14. Bb2 Qh6 15. e4 fxe4 16. Nde5 Nd7 17. Qxe4 N7f6 18. Qe2 Bb4 19. a3 Bc3 20. Bxc3 Nxc3 21. Qd2 Nfd5 22. Rac1 Nb5 23. h4 Qg7 24. hxg5 Nxa3 25. Ng4 Nb5 26. Nce5 Nd6 27. Rfe1 Kh8 28. Be4 Bd7 29. Kg2 Be8 30. Bxh7 Qe7 31. Rh1 Kg7 32. Qb2 1-0

[Event "Vienna op 18th"]
[Site "Vienna"]
[Date "2013.08.22"]
[Round "6"]
[White "Fauland, Alexander"]
[Black "Visser, Henk Jan"]
[Result "0-1"]
[WhiteElo "2447"]
[BlackElo "2262"]
[PlyCount "92"]
[EventDate "2013.08.17"]
[EventType "swiss"]
[EventRounds "9"]
[EventCountry "AUT"]
[SourceTitle "CBM 156 Extra"]
[Source "ChessBase"]
[SourceDate "2013.10.22"]
[SourceVersion "1"]
[SourceVersionDate "2013.10.22"]
[SourceQuality "1"]

1. Nf3 d5 2. g3 c6 3. b3 Bg4 4. Bg2 Nd7 5. Bb2 Ngf6 6. d3 e6 7. h3 Bh5 8. g4 Bg6 9. Nh4 Bc5 10. e3 e5 11. a3 a5 12. Nxg6 hxg6 13. Nd2 Qe7 14. g5 Nh5 15. Qg4 Bd6 16. h4 Nf8 17. c4 d4 18. Ne4 Ne6 19. Bh3 Rd8 20. Kd2 Nc5 21. Nxc5 Bxc5 22. Rhe1 dxe3+ 23. fxe3 0-0 24. Kc2 Qd6 25. Bf1 b5 26. d4 bxc4 27. Bxc4 exd4 28. Rad1 Bxa3 29. Bxd4 Qh2+ 30. Re2 Qg3 31. Qe4 Kh7 32. Qxc6 Qg4 33. Qg2 Qf5+ 34. Bd3 Qe6 35. Rb1 a4 36. bxa4 Rb8 37. Kd1 Rfc8 38. Bb5 Qf5 39. Ra1 Bb4 40. Rf2 Qe6 41. Rb1 Ba5 42. Rc2 Nf4 43. Qh2 Qg4+ 44. Kc1 Rxb5 45. exf4 Rxb1+ 46. Kxb1 Qd1+ 0-1

[Event "Vienna op 18th"]
[Site "Vienna"]
[Date "2013.08.18"]
[Round "2"]
[White "Fauland, Alexander"]
[Black "Leitner, Gerald"]
[Result "1-0"]
[WhiteElo "2447"]
[BlackElo "2199"]
[PlyCount "73"]
[EventDate "2013.08.17"]
[EventType "swiss"]
[EventRounds "9"]
[EventCountry "AUT"]
[SourceTitle "CBM 156 Extra"]
[Source "ChessBase"]
[SourceDate "2013.10.22"]
[SourceVersion "1"]
[SourceVersionDate "2013.10.22"]
[SourceQuality "1"]

1. Nf3 d5 2. g3 c6 3. Bg2 Nf6 4. b3 Bg4 5. Bb2 Nbd7 6. d3 e6 7. Nbd2 Be7 8. h3 Bh5 9. g4 Bg6 10. Nh4 Qc7 11. e3 0-0-0 12. Qf3 Rdf8 13. Qe2 Ne8 14. Nxg6 hxg6 15. 0-0-0 Qa5 16. Kb1 Bf6 17. d4 Nd6 18. c4 Kb8 19. Qd3 Qa6 20. Qc2 dxc4 21. Nxc4 Nxc4 22. bxc4 c5 23. Rd3 cxd4 24. exd4 Rc8 25. c5 Rc7 26. Ra3 Qb5 27. Rb3 Qa6 28. Rd1 e5 29. dxe5 Be7 30. Bxb7 Rxb7 31. Rxd7 Rxb3 32. Qxb3+ Kc8 33. Rxe7 Rd8 34. Qf3 Qf1+ 35. Bc1 Qb5+ 36. Ka1 Kb8 37. e6 1-0

[Event "AUT-ch"]
[Site "Feldkirch"]
[Date "2013.07.25"]
[Round "6"]
[White "Fauland, Alexander"]
[Black "Wallner, Joachim"]
[Result "1-0"]
[WhiteElo "2446"]
[BlackElo "2404"]
[PlyCount "121"]
[EventDate "2013.07.20"]
[EventType "swiss"]
[EventRounds "9"]
[EventCountry "AUT"]
[SourceTitle "CBM 155 Extra"]
[Source "ChessBase"]
[SourceDate "2013.08.26"]
[SourceVersion "1"]
[SourceVersionDate "2013.08.26"]
[SourceQuality "1"]

1. Nf3 Nf6 2. c4 b6 3. d4 e6 4. Nc3 Bb7 5. Bg5 h6 6. Bh4 Be7 7. Qc2 d5 8. cxd5 exd5 9. e3 Nbd7 10. Bd3 0-0 11. 0-0 c5 12. Rad1 Rc8 13. Bf5 Ne4 14. Bxe7 Qxe7 15. Ne5 Nef6 16. Qa4 cxd4 17. exd4 Rc7 18. Nb5 Bc6 19. Nxc6 Rxc6 20. Rfe1 Qd8 21. Qxa7 g6 22. Bxd7 Qxd7 23. Qxd7 Nxd7 24. Nc3 Nf6 25. Re7 Rb8 26. a4 Rc4 27. f3 Rb4 28. Rd2 Rc8 29. Kf2 Rcc4 30. Ke3 Rb3 31. Rb7 Rcb4 32. Kd3 Nh5 33. g3 Ng7 34. Ke2 Ne6 35. Nxd5 Nxd4+ 36. Kf2 Nxf3 37. Re2 Rxa4 38. Rxb6 Rxb6 39. Nxb6 Ra6 40. Kxf3 Rxb6 41. Ke4 h5 42. Kd4 h4 43. gxh4 Kg7 44. Kc5 Rb3 45. Kc4 Rh3 46. b4 Rxh4+ 47. Kc5 Rh3 48. Rb2 Rc3+ 49. Kd4 Rc8 50. b5 Kf6 51. b6 Kg5 52. b7 Rb8 53. Kd5 f5 54. Kc6 Kh4 55. Kc7 Rh8 56. b8Q Rxb8 57. Rxb8 Kh3 58. Rh8+ Kg4 59. Kd6 f4 60. Ke5 g5 61. Ke4 1-0

[Event "EU-ch 14th"]
[Site "Legnica"]
[Date "2013.05.14"]
[Round "9"]
[White "Goluch, Piotr"]
[Black "Fauland, Alexander"]
[Result "1-0"]
[WhiteElo "2215"]
[BlackElo "2449"]
[PlyCount "81"]
[EventDate "2013.05.05"]
[EventType "swiss"]
[EventRounds "11"]
[EventCountry "POL"]
[SourceTitle "CBM 155"]
[Source "ChessBase"]
[SourceDate "2013.07.16"]
[SourceVersion "1"]
[SourceVersionDate "2013.07.16"]
[SourceQuality "1"]

1. e4 c6 2. d4 d5 3. exd5 cxd5 4. c4 Nf6 5. Nc3 e6 6. Nf3 Bb4 7. Bd2 0-0 8. a3 Be7 9. c5 Nc6 10. Bd3 b6 11. cxb6 Qxb6 12. Na4 Qb8 13. 0-0 a5 14. Qe2 Bd7 15. Nc3 Rc8 16. Bg5 Ng4 17. Bxh7+ Kxh7 18. Bxe7 e5 19. Nxd5 Qb3 20. dxe5 Kg8 21. Qe4 Nh6 22. Nf6+ gxf6 23. Bxf6 Bf5 24. Qf4 Kh7 25. Bg5 Ne7 26. Bxh6 Rc4 27. Qe3 Qxb2 28. Bg5 Nd5 29. Qd2 Qb7 30. Nd4 Bg6 31. Rad1 Nc3 32. Rc1 Rac8 33. Be3 Qd5 34. Kh1 Qxe5 35. Nf3 Qh5 36. Bd4 Ne4 37. Rxc4 Rxc4 38. Qb2 Ng5 39. Qb8 Rxd4 40. Nxd4 Qg4 41. Qg3 1-0

[Event "EU-ch 14th"]
[Site "Legnica"]
[Date "2013.05.13"]
[Round "8"]
[White "Fauland, Alexander"]
[Black "Kuljasevic, Davorin"]
[Result "0-1"]
[WhiteElo "2449"]
[BlackElo "2578"]
[PlyCount "54"]
[EventDate "2013.05.05"]
[EventType "swiss"]
[EventRounds "11"]
[EventCountry "POL"]
[SourceTitle "CBM 155"]
[Source "ChessBase"]
[SourceDate "2013.07.16"]
[SourceVersion "1"]
[SourceVersionDate "2013.07.16"]
[SourceQuality "1"]

1. c4 e5 2. g3 Nf6 3. Bg2 d5 4. cxd5 Nxd5 5. Nf3 Nc6 6. 0-0 Be7 7. d4 e4 8. Ne5 f5 9. Nxc6 bxc6 10. f3 exf3 11. Rxf3 0-0 12. Nc3 Be6 13. Qa4 Qd7 14. Nxd5 Bxd5 15. Rc3 Qe6 16. Bxd5 cxd5 17. Bf4 Qxe2 18. Rxc7 Bf6 19. Rf1 Qxb2 20. Rd1 Qe2 21. Rb1 Qe4 22. Rd1 Rac8 23. h4 Rxc7 24. Bxc7 h6 25. Kh2 Rc8 26. Rc1 Bxd4 27. Qd7 Re8 0-1

[Event "EU-ch 14th"]
[Site "Legnica"]
[Date "2013.05.11"]
[Round "7"]
[White "Vedder, Henk"]
[Black "Fauland, Alexander"]
[Result "0-1"]
[WhiteElo "2368"]
[BlackElo "2449"]
[PlyCount "130"]
[EventDate "2013.05.05"]
[EventType "swiss"]
[EventRounds "11"]
[EventCountry "POL"]
[SourceTitle "CBM 155"]
[Source "ChessBase"]
[SourceDate "2013.07.16"]
[SourceVersion "1"]
[SourceVersionDate "2013.07.16"]
[SourceQuality "1"]

1. e4 c5 2. Nf3 e6 3. c3 d5 4. e5 Nc6 5. d4 Qb6 6. a3 a5 7. Bd3 Bd7 8. Bc2 f6 9. exf6 Nxf6 10. 0-0 Bd6 11. dxc5 Bxc5 12. c4 0-0 13. cxd5 exd5 14. Nc3 Nd4 15. Nxd4 Bxd4 16. Qd3 Bxc3 17. Qxc3 Rac8 18. Qb3 Qc7 19. Bd1 a4 20. Qb4 Qe5 21. Bf4 Qf5 22. Bd6 Rfe8 23. Bg3 Rc4 24. Qxb7 h5 25. b3 Rd4 26. Qb6 Qd3 27. Bc2 Qxc2 28. Qxd4 Re4 29. Qb6 h4 30. Rac1 Qxb3 31. Qb8+ Kh7 32. Be5 Ng4 33. Rc3 Qa2 34. Bd6 d4 35. Rcc1 d3 36. Bb4 h3 37. Qg3 Qd5 38. Rc5 Qd4 39. Rh5+ Nh6 40. Bc5 Qc4 41. Bf8 Rg4 42. Qxh3 Bc6 43. Rc5 Qe4 44. Rxc6 Qxc6 45. Qxd3+ Kg8 46. f3 Qb6+ 47. Kh1 Rd4 48. Qc2 Kxf8 49. Rb1 Qd6 50. h3 g6 51. Qc8+ Kg7 52. Qc3 Qf6 53. Re1 Nf5 54. Kg1 Kh7 55. Qc7+ Ng7 56. Kh2 Rd3 57. Re4 Rxa3 58. Rf4 Rc3 59. Qb8 Rc8 60. Qb4 Qe5 61. Kg1 Nf5 62. Rxf5 gxf5 63. Qh4+ Kg6 64. f4 Qf6 65. Qg3+ Kh6 0-1

[Event "AUT-chT 1213"]
[Site "Austria"]
[Date "2013.01.17"]
[Round "4.6"]
[White "Froewis, Georg"]
[Black "Fauland, Alexander"]
[Result "0-1"]
[WhiteElo "2399"]
[BlackElo "2439"]
[PlyCount "82"]
[EventDate "2012.11.02"]
[EventType "team-tourn"]
[EventRounds "11"]
[EventCountry "AUT"]
[SourceTitle "EXT 2014"]
[Source "ChessBase"]
[SourceDate "2013.11.20"]
[SourceVersion "1"]
[SourceVersionDate "2013.11.20"]
[SourceQuality "1"]
[WhiteTeam "Hohenems"]
[BlackTeam "Baden Invest"]
[WhiteTeamCountry "AUT"]
[BlackTeamCountry "AUT"]

1. Nf3 Nf6 2. c4 d6 3. d4 Bg4 4. g3 Bxf3 5. exf3 c6 6. Bg2 e6 7. 0-0 d5 8. Be3 dxc4 9. Nd2 b5 10. f4 g6 11. a4 Nd5 12. axb5 cxb5 13. f5 gxf5 14. Qh5 Nc6 15. Rfe1 Qd7 16. Bg5 Bg7 17. Nf3 h6 18. Rxe6+ Qxe6 19. Re1 Ne5 20. Rxe5 Bxe5 21. Nxe5 Rg8 22. Bh4 Rg6 23. Qf3 Nb6 24. Qa3 Rc8 25. f4 Rc7 26. Qa5 Qd6 27. Qxb5+ Kf8 28. d5 Qc5+ 29. Qxc5+ Rxc5 30. Nxg6+ fxg6 31. d6 Ke8 32. g4 Kd7 33. Bf6 Kxd6 34. g5 h5 35. Kf2 Nd5 36. Be5+ Ke6 37. h4 a5 38. Bf1 a4 39. Ke1 Ne3 40. Be2 Rxe5 41. fxe5 c3 0-1

[Event "Vienna Husek op-A"]
[Site "Vienna"]
[Date "2012.08.17"]
[Round "5"]
[White "Sadilek, Peter"]
[Black "Fauland, Alexander"]
[Result "0-1"]
[WhiteElo "2238"]
[BlackElo "2448"]
[PlyCount "54"]
[EventDate "2012.08.13"]
[EventType "swiss"]
[EventRounds "7"]
[EventCountry "AUT"]
[SourceTitle "CBM 149 Extra"]
[Source "ChessBase"]
[SourceDate "2012.08.24"]
[SourceVersion "1"]
[SourceVersionDate "2012.08.24"]
[SourceQuality "1"]

1. d4 Nf6 2. c4 e6 3. Nc3 Bb4 4. e3 0-0 5. Nge2 d5 6. a3 Bxc3+ 7. Nxc3 b6 8. Be2 Ba6 9. b3 Nbd7 10. 0-0 Re8 11. Bb2 c6 12. Re1 Rc8 13. a4 Qc7 14. Qb1 Qb7 15. e4 c5 16. e5 cxd4 17. Nb5 Bxb5 18. exf6 Bc6 19. fxg7 dxc4 20. Bxd4 Be4 21. Qd1 Bxg2 22. Bxc4 Bh3 23. f3 e5 24. Bf2 Be6 25. Bb5 Red8 26. Bh4 f6 27. Qd6 Nc5 0-1

[Event "AUT-chT 1112"]
[Site "Austria"]
[Date "2012.03.04"]
[Round "7.1"]
[White "Rozentalis, Eduardas"]
[Black "Fauland, Alexander"]
[Result "1-0"]
[WhiteElo "2592"]
[BlackElo "2452"]
[PlyCount "57"]
[EventDate "2012.01.20"]
[EventType "team-tourn"]
[EventRounds "11"]
[EventCountry "AUT"]
[SourceTitle "EXT 2013"]
[Source "ChessBase"]
[SourceDate "2012.11.22"]
[SourceVersion "1"]
[SourceVersionDate "2012.11.22"]
[SourceQuality "1"]
[WhiteTeam "Hohenems"]
[BlackTeam "Poechlarn"]
[WhiteTeamCountry "AUT"]
[BlackTeamCountry "AUT"]

1. e4 c6 2. d4 d5 3. Nd2 dxe4 4. Nxe4 Bf5 5. Ng3 Bg6 6. Nh3 e6 7. Nf4 Qh4 8. Bc4 Bd6 9. Nge2 Nd7 10. Be3 Ngf6 11. Qd2 Nb6 12. Bb3 a5 13. a3 Ne4 14. Nxg6 hxg6 15. Qd3 a4 16. Ba2 Qg4 17. c4 Qxg2 18. 0-0-0 Rxh2 19. Rxh2 Bxh2 20. d5 c5 21. dxe6 Nxf2 22. Bxf2 Qxf2 23. Qe4 Rb8 24. exf7+ Kxf7 25. Rd3 Qe1+ 26. Kc2 g5 27. Qf5+ Kg8 28. Qe6+ Kf8 29. Rh3 1-0